Gráficos por computadora con OpenGL
Guardat en:
| Autors principals: | , |
|---|---|
| Format: | Llibre |
| Idioma: | espanyol |
| Publicat: |
Madrid
Pearson Educación
2006
|
| Edició: | 3a. ed |
| Matèries: | |
| Etiquetes: |
Afegir etiqueta
Sense etiquetes, Sigues el primer a etiquetar aquest registre!
|
MARC
| LEADER | 00000nam a2200000 a 4500 | ||
|---|---|---|---|
| 001 | UCI8084 | ||
| 003 | CL-VaPUC | ||
| 008 | 080807e20060000SP |||||||||||||||||spa|d | ||
| 020 | |a 8420539805 | ||
| 082 | 0 | 4 | |a 006.6 |b HEA |2 21 |
| 100 | |a Hearn, Donald |e author |9 531570 | ||
| 700 | 0 | |a Baker, M. Pauline |e author |9 531571 | |
| 245 | 1 | 0 | |a Gráficos por computadora con OpenGL |
| 250 | |a 3a. ed | ||
| 300 | |a 895 p | ||
| 942 | |c BK | ||
| 945 | |d 20080807 00:00:00 |a rbrito | ||
| 260 | |a Madrid |b Pearson Educación |c 2006 | ||
| 650 | 0 | |a Gráficos por computador |9 262412 | |
| 650 | 0 | |a Animación por computador |9 616332 | |
| 650 | 7 | |a INGENIERIA GRAFICA |2 CL-VaPUC |9 531573 | |
| 650 | 7 | |a DIBUJO TECNICO |2 CL-VaPUC |9 531574 | |
| 583 | |a last modification |c 20080807 00:00:00 |k Rodrigo Vera | ||
| 999 | |c 331159 |d 331157 | ||
| 952 | |0 0 |1 0 |4 0 |6 006_600000000000000_HEA_2006 |7 0 |8 A |9 417322 |a BIBING |b BIBING |d 2019-11-22 |i 4470893 |o 006.6 HEA 2006 |p 4470893 |r 2025-01-20 |w 2019-11-22 |y BK |k CCI | ||
| 952 | |0 0 |1 0 |4 0 |6 006_600000000000000_HEA_2006 |7 0 |8 A |9 417323 |a BIBING |b BIBING |d 2019-11-22 |i 4470907 |o 006.6 HEA 2006 |p 4470907 |r 2025-01-20 |w 2019-11-22 |y BK |k CCI | ||
| 952 | |0 0 |1 0 |4 0 |6 006_600000000000000_HEA_2006 |7 0 |8 A |9 417324 |a BIBING |b BIBING |d 2019-11-22 |i 4470915 |o 006.6 HEA 2006 |p 4470915 |r 2025-01-20 |w 2019-11-22 |y BK |k CCI | ||